| 000 | 01092cam a2200289 4500 | ||
|---|---|---|---|
| 001 | J96510 | ||
| 008 | 090401t1998 xxu||||| |||| 00| 0 eng d | ||
| 035 | _a(Sirsi) u91157 | ||
| 041 | _aeng | ||
| 050 | _a333.33016 | ||
| 110 |
_aJoseph Rowntree Foundation _92318 |
||
| 245 | _aJRF index of private rents and yields. - First quarter 1998 - Second quarter 1998 | ||
| 260 |
_aYork _bCentre for Housing Policy _c1998 |
||
| 300 | _a2 pt. ; 30cm. | ||
| 350 | _a275 | ||
| 520 | _aFrom 3rd quarter 1998 published under the title `The University of York Index of Private Rents and Yields` (See J96510). Produced in partnership with the Association of Residential Letting Agents, the Rent Officer Service and the Halifax PLC. | ||
| 650 | _aASSOCIATION OF RESIDENTIAL LETTING AGENTS | ||
| 650 | _aHALIFAX PLC | ||
| 650 | _aJOSEPH ROWNTREE FOUNDATION INDEX OF PRIVATE RENTS AND YIELDS | ||
| 650 | _aPRIVATE SECTOR RENTS | ||
| 650 | _aRENT INDICES | ||
| 650 | _aRENT OFFICER SERVICE | ||
| 650 |
_aRESIDENTIAL PROPERTY _96266 |
||
| 690 | _aHOUSING | ||
| 942 | _n0 | ||
| 948 | _c09/02/1999 | ||
| 999 |
_c97613 _d97613 |
||